| 000 | 01094nam a2200301 i 4500 | ||
|---|---|---|---|
| 003 | EG-GICUC | ||
| 005 | 20260507133039.0 | ||
| 008 | 260507s1929 fr b|||fr|||| 00| 0 fre d | ||
| 040 |
_aEG-GiCUC _bfre _cEG-GiCUC _dEG-GiCUC _eRda |
||
| 041 | _afre | ||
| 082 | 0 | 4 |
_221 _a345.09044 _bCH.H |
| 092 | 0 | 4 | _221 |
| 099 | _aLaw1 07 345.09044 CH.H 1929 | ||
| 100 | 1 |
_aChenon , Emile _eAuteur |
|
| 245 |
_aHistoire Générale Du Droit Français Public Et Privé Des Origines À 1815 . _nTome Deuxième , _pPremier Fascicule Période Féodale Et Coutumière (Du Xe Au XVIe Siècle) Période Monarchique / _c Emile Chenon . |
||
| 264 |
_aParis : _bLibrairie du Recueil Sirey , _c1929 . |
||
| 300 |
_a575 page : _bMaps ; _c 24 cm. |
||
| 336 |
_2rda contenu _a texte |
||
| 337 |
_2rda medias _aOrdinateur |
||
| 338 |
_2 transporteur rda _a Ressource en ligne |
||
| 500 | _aIncludes Maps | ||
| 546 | _aTexte en français | ||
| 650 | 1 |
_aDroit administratif _zFrance |
|
| 651 | 1 | _2qrmak | |
| 856 | 4 | 0 | _uhttps://fll.law.cu.edu.eg/fulltext/bks/B07-05227.pdf |
| 905 | _a60 | ||
| 942 |
_2ddc _cBK _e21 _n0 |
||
| 999 |
_c76150 _d76150 |
||